| 000 | 00584nam a2200241Ia 4500 | ||
|---|---|---|---|
| 001 | 484 | ||
| 005 | 20240113233416.0 | ||
| 007 | ta | ||
| 008 | 050118s1994 a g b000 u eng u | ||
| 020 | _cHB | ||
| 040 | _aRef.stack | ||
| 041 | _aeng | ||
| 082 |
_a600 _bMa 33 In |
||
| 100 | _aMarch, Mike . | ||
| 245 | 0 |
_aInfo technology / _cMike March ed. _hTextual Documents |
|
| 250 | _a1st ed / | ||
| 260 |
_aNew Delhi : _bS. Chand & Company , _cc1994. |
||
| 300 |
_a124p. : _bill ; _c28cm . |
||
| 653 | _aTechnology | ||
| 942 |
_2ddc _cBK |
||
| 999 |
_c482 _d482 |
||